It looks like you're offline.
Open Library logo
additional options menu

MARC record from Internet Archive

LEADER: 01615nam 2200277Ka 4500
008 000000s2009 nyu s 000 0 eng d
040 $aTEFOD$cTEFOD
006 m d
007 cr cn---------
020 $a9780061897740 (electronic bk. : Adobe Digital Editions)
020 $a9780061897764 (electronic bk. : Mobipocket Reader)
037 $bOverDrive, Inc.$nhttp://www.overdrive.com
100 1 $aBell, Hilari $q(Hilari Bell).
245 14 $aThe Prophecy$h[electronic resource].
260 $aNew York :$bHarperCollins,$c2009.
500 $aTitle from eBook information screen.
520 $aPrince perryndon loves books and with his kingdom in grave danger, he unearths a prophecy that could save his land. But with time running out, Perryn learns that a scholar's job is not merely to seek the truth but to understand its worth ́ and that the power of the prophecy lies in his own hands.
533 $aElectronic reproduction.$bNew York :$cHarperCollins,$d2009.$nRequires Adobe Digital Editions (file size: 782 KB) or Mobipocket Reader (file size: 166 KB).
538 $aRequires Adobe Digital Editions (file size: 782 KB) or Mobipocket Reader (file size: 166 KB).
653 #0 $aFiction
653 #0 $aScience Fiction & Fantasy
653 #0 $aYoung Adult Fiction
655 7 $aElectronic books.$2local
776 1 $cOriginal$z9780060599454
856 4 $uhttp://search.overdrive.com/SearchResults.aspx?ReserveID={91B940D3-B794-4ED2-A945-5214ADF5720E}$zClick for library availability
856 4 $3Image$uhttp://images.contentreserve.com/ImageType-100/0293-1/{91B940D3-B794-4ED2-A945-5214ADF5720E}Img100.jpg